Nový rektor TUKE chce menej byrokracie a viac zahraničných študentov Technicom sa musí stihnúť do konca kalendárneho roka

Podrobná bibliografia
Hlavný autor: Danková, Elena (Autor)
Médium: Článok
Jazyk:slovenčina
Fyzický popis:Fotogr.
ISSN:1338-659X
Predmet:

MARC

LEADER 00000nab a2200000 a 4500
001 vtls010873083
003 SK-MaSNL
005 20260303212758.0
008 150924c20150817xo drz 0 0slo
038 |a KEVKJB 
040 |a KEVKJB  |b slo  |c KEVKJB  |e AACR2 
041 0 |a slo 
044 |a xo  |c SK 
080 |a 378.4  |2 2001 
100 1 |a Danková, Elena  |4 aut  |9 1089718 
245 1 0 |a Nový rektor TUKE chce menej byrokracie a viac zahraničných študentov  |b Technicom sa musí stihnúť do konca kalendárneho roka  |c Elena Danková 
300 |b Fotogr. 
600 1 7 |a Kmeť, Stanislav,  |d 1957-2023  |2 kevkjb  |9 227615 
610 2 7 |a Technická univerzita v Košiciach.  |b Rektorát  |2 kevkjb  |9 176227 
650 0 7 |a rektori  |2 kevkjb  |9 29959 
651 7 |a Košice (Slovensko)  |2 kevkjb  |9 18694 
773 0 |t Korzár : denník Košického kraja  |g Roč. XVIII., č. 190 (17.8.2015), s. 3  |x 1338-659X 
852 |a KEVKJB  |b KIS3GCP 
999 |c 2209035  |d 2210965